000 00811nam a22002297a 4500
001 000203052
003 AM-YeHGA
005 20250618071434.0
008 990302s1978 ru ||||| |||| 00| 0 rus d
040 _aAM-YeHGA
041 0 _arus
100 1 _aԹախտաջյան, Արմեն Լևոնի,
_d1910-2009
_93348
245 1 0 _aФлористические области Земли /
_cА.Л. Тахтаджян.
246 3 4 _aThe Floristic Regions of the World
260 _aЛенинград :
_bНаука. Ленингр. отд-ние,
_c1978.
300 _a248 с.
650 1 4 _aЭкология растений
650 1 4 _aРастение и среда
710 2 _aБотанический институт им. В.Л. Комарова АН СССР
942 _2udc
_cBK
090 _c71464
999 _c70268
_d70268